000
00300nam a22001217a 4500
008
180111b xxu||||| |||| 00| 0 eng d
041
_a
eng
080
_a
101
100
_a
24
101
_a
FIL
245
_a
THE CONCEPT OF MATER IN GREEK AND MEDIEVAL PHILOSOPHY
_c
ERNAN.M
942
_2
udc
_c
BK
999
_c
40136
_d
40136